000 00228 a2200109 4500
020 _a9789506192358
041 _aspa
100 _aArredondo, Francisco
245 _aBusca los Animales y sus Records
942 _cBK
952 _74
999 _c19643
_d19643